[Event "Titled Tuesday 2024.11.26 Early"]
[Site "chess.com INT"]
[Date "2024.11.26"]
[Round "10"]
[White "Le, Quang Liem"]
[Black "Mendes, Aaron Reeve"]
[Result "1-0"]
[WhiteElo "2739"]
[BlackElo "2320"]
[PlyCount "77"]
[GameId "2129405226024001"]
[EventDate "2024.11.26"]
[EventType "swiss (blitz)"]
[EventRounds "11"]
[EventCountry "NET"]
[SourceTitle "The Week in Chess 1569"]
[Source "Mark Crowther"]
[SourceDate "2024.12.02"]
[SourceVersion "1"]
[SourceVersionDate "2024.12.02"]
[SourceQuality "2"]

1. c4 c6 2. Nf3 d5 3. g3 Nf6 4. Bg2 g6 5. b3 Bg7 6. Bb2 O-O 7. O-O b6 8. d4 Bb7 9. Nc3 Nbd7 10. Rc1 Rc8 11. e3 c5 12. Ne5 cxd4 13. exd4 e6 14. Ba3 Re8 15. Nb5 Bf8 16. Bxf8 Rxf8 17. Nxa7 Ra8 18. Nac6 Qe8 19. a4 Rc8 20. Na7 Ra8 21. Nb5 Qe7 22. cxd5 Bxd5 23. Rc7 Bxg2 24. Kxg2 Qe8 25. Qf3 Nxe5 26. dxe5 Nd5 27. Nd6 Qd8 28. Rxf7 Qg5 29. Re1 Rac8 30. Re4 Rcd8 31. h4 Qh6 32. Rc4 Qd2 33. h5 g5 34. h6 Rb8 35. Rg7+ Kh8 36. Qxf8+ Rxf8 37. Nf7+ Rxf7 38. Rc8+ Rf8 39. Rxf8# 1-0

[Event "Titled Tuesday 2024.11.26 Early"]
[Site "chess.com INT"]
[Date "2024.11.26"]
[Round "11"]
[White "Mendes, Aaron Reeve"]
[Black "Demchenko, A."]
[Result "0-1"]
[WhiteElo "2320"]
[BlackElo "2615"]
[PlyCount "166"]
[GameId "2129405226040676"]
[EventDate "2024.11.26"]
[EventType "swiss (blitz)"]
[EventRounds "11"]
[EventCountry "NET"]
[SourceTitle "The Week in Chess 1569"]
[Source "Mark Crowther"]
[SourceDate "2024.12.02"]
[SourceVersion "1"]
[SourceVersionDate "2024.12.02"]
[SourceQuality "2"]

1. e4 e5 2. Nf3 Nc6 3. d4 exd4 4. Nxd4 Nf6 5. Nxc6 bxc6 6. Nd2 d6 7. Be2 Be7 8. O-O O-O 9. b3 Re8 10. Bb2 Bf8 11. Bf3 Nd7 12. e5 Nxe5 13. Bxe5 Rxe5 14. Bxc6 Rb8 15. Nf3 Rc5 16. Be4 g6 17. c4 Bg7 18. Rc1 Bd7 19. Re1 Qf6 20. Bd5 c6 21. Be4 a5 22. Rc2 Bf8 23. Rd2 a4 24. Rd3 axb3 25. axb3 Ra5 26. Nd4 Ra6 27. Rf3 Qg5 28. g3 d5 29. Bd3 Rab6 30. h4 Qd8 31. Rfe3 Bg7 32. Bf1 Rb4 33. Nc2 Rxb3 34. Rxb3 Rxb3 35. cxd5 Qb6 36. Ne3 Bd4 37. dxc6 Bxc6 38. Qc1 Bb7 39. Re2 Rc3 40. Qd2 Rb3 41. Qc1 Rb1 42. Qd2 Qc6 43. f3 Qxf3 44. Qxd4 Qxe2 45. Qd8+ Kg7 46. Nf5+ gxf5 47. Qg5+ Kf8 48. Qd8+ Qe8 49. Qd6+ Qe7 50. Qh6+ Ke8 51. Qf4 Re1 52. Qb8+ Qd8 53. Qxb7 Qd4+ 54. Kg2 Qd2+ 55. Kg1 Qe3+ 56. Kg2 Qe4+ 57. Qxe4+ fxe4 58. Kf2 Ra1 59. Bg2 f5 60. Bh3 Ra5 61. Ke3 Ke7 62. Kf4 Kf6 63. g4 fxg4 64. Bxg4 Ra4 65. Bd1 e3+ 66. Kxe3 Rxh4 67. Kf2 Rf4+ 68. Kg3 Kg5 69. Bf3 Rd4 70. Bg2 Rd3+ 71. Bf3 Kf5 72. Kf2 Kf4 73. Be2 Rd2 74. Kf1 Rb2 75. Bh5 Kg3 76. Ke1 Rf2 77. Be2 Rf5 78. Bd1 h5 79. Bc2 Rf4 80. Bb3 h4 81. Bd5 h3 82. Ke2 h2 83. Ke3 Rf2 0-1

[Event "Titled Tuesday 2024.12.10 Late"]
[Site "chess.com INT"]
[Date "2024.12.10"]
[Round "1"]
[White "Milanovic, V."]
[Black "Mendes, Aaron Reeve"]
[Result "0-1"]
[WhiteElo "2293"]
[BlackElo "2359"]
[PlyCount "96"]
[GameId "2129405226404250"]
[EventDate "2024.12.10"]
[EventType "swiss (blitz)"]
[EventRounds "11"]
[EventCountry "NET"]
[SourceTitle "The Week in Chess 1571"]
[Source "Mark Crowther"]
[SourceDate "2024.12.16"]
[SourceVersion "1"]
[SourceVersionDate "2024.12.16"]
[SourceQuality "2"]

1. e4 c5 2. Nf3 Nc6 3. Bb5 g6 4. Bxc6 bxc6 5. O-O Bg7 6. Re1 Nh6 7. c3 O-O 8. d4 cxd4 9. cxd4 f5 10. e5 Nf7 11. Nc3 e6 12. h4 Ba6 13. Bf4 Rb8 14. b3 Qa5 15. Qd2 Rfd8 16. Rac1 Bf8 17. h5 Bb4 18. Qe3 Kg7 19. h6+ Kh8 20. Ng5 Nxg5 21. Bxg5 Re8 22. Bf6+ Kg8 23. Rc2 c5 24. Rec1 Rbc8 25. d5 c4 26. dxe6 dxe6 27. Na4 Bb5 28. Qd4 Ba3 29. Rd1 Bxa4 30. bxa4 Qxa4 31. Qd7 Qxd7 32. Rxd7 Bf8 33. Rxa7 Bxh6 34. Ra4 c3 35. Ra7 Rc4 36. a4 Rb8 37. Rd7 Rb2 38. Rd8+ Kf7 39. Rd7+ Kg8 40. Rd8+ Bf8 41. Be7 Rxc2 42. Bxf8 Kf7 43. Bh6 g5 44. Bxg5 Ra2 45. Rd7+ Kg6 46. f4 c2 47. Kh2 c1=Q 48. Rd6 Rxg2+ 0-1

[Event "Titled Tuesday 2024.12.10 Late"]
[Site "chess.com INT"]
[Date "2024.12.10"]
[Round "2"]
[White "Mendes, Aaron Reeve"]
[Black "Wu, William"]
[Result "1/2-1/2"]
[WhiteElo "2359"]
[BlackElo "1973"]
[PlyCount "101"]
[GameId "2129405226404546"]
[EventDate "2024.12.10"]
[EventType "swiss (blitz)"]
[EventRounds "11"]
[EventCountry "NET"]
[SourceTitle "The Week in Chess 1571"]
[Source "Mark Crowther"]
[SourceDate "2024.12.16"]
[SourceVersion "1"]
[SourceVersionDate "2024.12.16"]
[SourceQuality "2"]

1. Nf3 d5 2. e3 Nf6 3. b3 g6 4. Bb2 Bg7 5. Be2 O-O 6. O-O b6 7. c4 Bb7 8. Nc3 e6 9. Rc1 Nbd7 10. cxd5 exd5 11. Nb5 c5 12. d4 a6 13. Nd6 Bc6 14. dxc5 bxc5 15. Ne5 Nxe5 16. Bxe5 Qe7 17. Bg3 Nd7 18. Bf3 Ne5 19. Bxd5 Rad8 20. Bxe5 Bxe5 21. Bxc6 Rxd6 22. Qf3 Rf6 23. Qd5 Rf5 24. Qc4 Qc7 25. g4 Bxh2+ 26. Kg2 Qxc6+ 27. Kxh2 Rd5 28. Rc2 Rfd8 29. Rfc1 Rd1 30. e4 Qd6+ 31. Kg2 Qf4 32. e5 Qxe5 33. Re2 Qg5 34. Rxd1 Rxd1 35. Re8+ Kg7 36. Qc3+ Rd4 37. Re4 Qd5 38. f3 h5 39. gxh5 gxh5 40. Kg3 Qg5+ 41. Kf2 Qd5 42. Ke3 Kh6 43. b4 Rxe4+ 44. fxe4 Qg5+ 45. Ke2 cxb4 46. Qh8+ Kg6 47. Qg8+ Kf6 48. Qd8+ Kg6 49. Qg8+ Kf6 50. Qd8+ Kg6 51. Qg8+ 1/2-1/2

[Event "Titled Tuesday 2024.12.10 Late"]
[Site "chess.com INT"]
[Date "2024.12.10"]
[Round "3"]
[White "Stankovic, Iv"]
[Black "Mendes, Aaron Reeve"]
[Result "1-0"]
[WhiteElo "2308"]
[BlackElo "2359"]
[PlyCount "143"]
[GameId "2129405226425296"]
[EventDate "2024.12.10"]
[EventType "swiss (blitz)"]
[EventRounds "11"]
[EventCountry "NET"]
[SourceTitle "The Week in Chess 1571"]
[Source "Mark Crowther"]
[SourceDate "2024.12.16"]
[SourceVersion "1"]
[SourceVersionDate "2024.12.16"]
[SourceQuality "2"]

1. e4 c5 2. c4 Nc6 3. Nc3 g6 4. g3 Bg7 5. Bg2 e6 6. Nge2 Nge7 7. d3 O-O 8. Be3 Nd4 9. O-O a6 10. Rb1 Rb8 11. a3 b5 12. cxb5 axb5 13. b4 d6 14. f4 Ba6 15. g4 f5 16. exf5 gxf5 17. g5 Qc7 18. Qd2 Rfc8 19. Rbc1 Nb3 20. Qa2 c4 21. Rcd1 d5 22. d4 Nc6 23. h4 Qb6 24. h5 Ncxd4 25. Kh1 Nxe2 26. Bxb6 Nxc3 27. Qf2 Nxd1 28. Rxd1 c3 29. Bc5 Nxc5 30. bxc5 b4 31. axb4 Rxb4 32. h6 Bh8 33. Qe3 Kf7 34. Rxd5 exd5 35. Bxd5+ Kg6 36. Qe6+ Kh5 37. Qxf5 Kh4 38. Kh2 Rb2+ 39. Bg2 Kh5 40. Kg3 Rxg2+ 41. Kxg2 c2 42. Qxc2 Kg4 43. Qa2 Bb7+ 44. Kf2 Bd4+ 45. Ke2 Re8+ 46. Kd3 Bxc5 47. Qf7 Be4+ 48. Kc4 Bg6 49. Qd7+ Kxf4 50. Kxc5 Re5+ 51. Kc6 Rf5 52. Qd2+ Kg4 53. Qg2+ Kh5 54. Qh3+ Kxg5 55. Qg3+ Kxh6 56. Qe3+ Kg7 57. Kd6 h5 58. Qe7+ Kh6 59. Qe3+ Kh7 60. Qe7+ Bf7 61. Qh4 Kg6 62. Ke7 Kg7 63. Qg3+ Kh7 64. Qh3 Bg6 65. Qh4 Kh6 66. Ke6 Rg5 67. Qf4 h4 68. Kf6 h3 69. Qxg5+ Kh7 70. Qh4+ Kg8 71. Qh6 h2 72. Qg7# 1-0

[Event "Titled Tuesday 2024.12.10 Late"]
[Site "chess.com INT"]
[Date "2024.12.10"]
[Round "4"]
[White "Mendes, Aaron Reeve"]
[Black "Venkatesh, Narayan"]
[Result "1-0"]
[WhiteElo "2359"]
[BlackElo "2214"]
[PlyCount "89"]
[GameId "2129405226433644"]
[EventDate "2024.12.10"]
[EventType "swiss (blitz)"]
[EventRounds "11"]
[EventCountry "NET"]
[SourceTitle "The Week in Chess 1571"]
[Source "Mark Crowther"]
[SourceDate "2024.12.16"]
[SourceVersion "1"]
[SourceVersionDate "2024.12.16"]
[SourceQuality "2"]

1. e4 e6 2. Nf3 d5 3. Nc3 d4 4. Ne2 c5 5. c3 Nc6 6. cxd4 cxd4 7. Qa4 Bc5 8. b4 Bb6 9. b5 Nce7 10. Nexd4 Nf6 11. e5 Nfd5 12. Bb2 O-O 13. g3 Bd7 14. Bd3 h6 15. h4 a6 16. Qd1 axb5 17. Nh2 Nc6 18. Nb3 Ncb4 19. Be4 Bc6 20. Ng4 Ne7 21. Nf6+ Kh8 22. Qb1 gxf6 23. exf6 Ng8 24. Bxc6 bxc6 25. Bc3 Nd5 26. Be5 Ndxf6 27. Qb2 Kg7 28. g4 Qd3 29. O-O-O Qc4+ 30. Kb1 Qe4+ 31. d3 Qg6 32. g5 Rfd8 33. h5 Qf5 34. gxf6+ Kh7 35. Qc3 Rd5 36. f4 c5 37. Qc2 Rad8 38. Rhg1 c4 39. Rg7+ Kh8 40. Rxf7 cxb3 41. axb3 Rxd3 42. Rxd3 Rxd3 43. Rd7 Rxd7 44. f7+ Kh7 45. f8=N# 1-0

[Event "Titled Tuesday 2024.12.10 Late"]
[Site "chess.com INT"]
[Date "2024.12.10"]
[Round "5"]
[White "Sokhor, Nazar"]
[Black "Mendes, Aaron Reeve"]
[Result "1-0"]
[WhiteElo "2251"]
[BlackElo "2359"]
[PlyCount "115"]
[GameId "2129405226433840"]
[EventDate "2024.12.10"]
[EventType "swiss (blitz)"]
[EventRounds "11"]
[EventCountry "NET"]
[SourceTitle "The Week in Chess 1571"]
[Source "Mark Crowther"]
[SourceDate "2024.12.16"]
[SourceVersion "1"]
[SourceVersionDate "2024.12.16"]
[SourceQuality "2"]

1. d4 Nf6 2. Nf3 e6 3. Bf4 b6 4. e3 Bb7 5. c4 Be7 6. Be2 O-O 7. h3 d5 8. Nc3 Nbd7 9. O-O dxc4 10. Bxc4 a6 11. Ne5 b5 12. Be2 c5 13. Bf3 Bxf3 14. Qxf3 Nxe5 15. dxe5 Nd7 16. Rad1 Qc7 17. Qg3 Rfd8 18. Ne4 Nf8 19. Bg5 Ng6 20. Bxe7 Nxe7 21. Nd6 Rd7 22. Ne4 Ng6 23. Rd6 c4 24. Rfd1 Rad8 25. h4 Rxd6 26. exd6 Qc6 27. f3 f5 28. Ng5 Nf8 29. Qe5 Re8 30. Qd4 h6 31. Nh3 Rd8 32. Qe5 Kf7 33. Nf4 Re8 34. Nh5 Kg6 35. Qxg7+ Kxh5 36. g4+ Kxh4 37. Qxh6+ Kg3 38. Qh2+ Kxf3 39. Qg2+ Kxe3 40. Qxc6 Rd8 41. gxf5 Nd7 42. fxe6 Rg8+ 43. Kf1 Rf8+ 44. Ke1 Ne5 45. Qc5+ Ke4 46. Qxe5+ Kxe5 47. d7 Kxe6 48. d8=Q Rxd8 49. Rxd8 Ke7 50. Ra8 Kd6 51. Rxa6+ Kc5 52. Kd2 b4 53. Rh6 Kb5 54. Kc2 Ka4 55. b3+ cxb3+ 56. axb3+ Kb5 57. Rh5+ Kb6 58. Kd3 1-0

[Event "Titled Tuesday 2024.12.10 Late"]
[Site "chess.com INT"]
[Date "2024.12.10"]
[Round "6"]
[White "Mendes, Aaron Reeve"]
[Black "Karlusic, Luka"]
[Result "1-0"]
[WhiteElo "2359"]
[BlackElo "2224"]
[PlyCount "107"]
[GameId "2129405226433973"]
[EventDate "2024.12.10"]
[EventType "swiss (blitz)"]
[EventRounds "11"]
[EventCountry "NET"]
[SourceTitle "The Week in Chess 1571"]
[Source "Mark Crowther"]
[SourceDate "2024.12.16"]
[SourceVersion "1"]
[SourceVersionDate "2024.12.16"]
[SourceQuality "2"]

1. f4 c5 2. Nf3 g6 3. e4 Bg7 4. Bc4 Nc6 5. O-O a6 6. a4 Rb8 7. c3 b5 8. axb5 axb5 9. Bd5 Nf6 10. d3 O-O 11. Qc2 Bb7 12. Be3 d6 13. Nbd2 Qd7 14. c4 Nb4 15. Qb1 Nfxd5 16. exd5 Ra8 17. Ne1 Qf5 18. Ra3 e6 19. dxe6 Qxe6 20. Bf2 Qe2 21. Nef3 Rxa3 22. bxa3 Nxd3 23. Qxb5 Bxf3 24. Nxf3 Nxf2 25. Rxf2 Qe3 26. g3 Qxa3 27. Kg2 Qb4 28. Qa6 Re8 29. Qc6 Rd8 30. Qc7 Bf6 31. g4 Qb8 32. Qc6 Qc8 33. Qxc8 Rxc8 34. Rd2 Be7 35. Re2 Kf8 36. Nd2 Rb8 37. Kf3 Rb2 38. f5 Bg5 39. Ne4 Rxe2 40. Kxe2 Bf4 41. h4 gxf5 42. gxf5 Be5 43. Kf3 Kg7 44. Kg4 Kh6 45. Ng5 Kg7 46. Nf3 Bf6 47. Nd2 Be5 48. Ne4 Bf6 49. Nxd6 Bd4 50. Ne4 Be3 51. f6+ Kg6 52. h5+ Kh6 53. Nd6 Bd4 54. Nf5# 1-0

[Event "Titled Tuesday 2024.12.10 Late"]
[Site "chess.com INT"]
[Date "2024.12.10"]
[Round "7"]
[White "Prithu, Gupta"]
[Black "Mendes, Aaron Reeve"]
[Result "0-1"]
[WhiteElo "2412"]
[BlackElo "2359"]
[PlyCount "120"]
[GameId "2129405226450542"]
[EventDate "2024.12.10"]
[EventType "swiss (blitz)"]
[EventRounds "11"]
[EventCountry "NET"]
[SourceTitle "The Week in Chess 1571"]
[Source "Mark Crowther"]
[SourceDate "2024.12.16"]
[SourceVersion "1"]
[SourceVersionDate "2024.12.16"]
[SourceQuality "2"]

1. e4 c5 2. Nf3 d6 3. d4 cxd4 4. Nxd4 Nf6 5. Nc3 a6 6. h4 e5 7. Nb3 Be6 8. Be2 Be7 9. g4 h6 10. Be3 d5 11. exd5 Nxd5 12. Nxd5 Qxd5 13. Qxd5 Bxd5 14. Rh3 Nc6 15. O-O-O O-O-O 16. h5 Nb4 17. a3 Nc6 18. Rg3 Bg5 19. Nd2 Nd4 20. Bxd4 exd4 21. Kb1 Rhe8 22. Bf3 Bf4 23. Rgg1 f6 24. Bxd5 Rxd5 25. Nf3 Re2 26. Nxd4 Rxf2 27. Ne6 Rxd1+ 28. Rxd1 Bc7 29. Nxg7 Rg2 30. Rd4 Be5 31. Rc4+ Kd7 32. Nf5 Rg1+ 33. Ka2 Rg2 34. Kb3 b5 35. Re4 a5 36. a4 b4 37. Nxh6 Rg3+ 38. Ka2 b3+ 39. cxb3 Rg2 40. Nf7 Rxb2+ 41. Ka3 Bc3 42. Rc4 Rc2 43. h6 Bb4+ 44. Rxb4 axb4+ 45. Kxb4 Rh2 46. g5 fxg5 47. Nxg5 Rxh6 48. Nf3 Kc6 49. Nd4+ Kb6 50. Nc2 Rh4+ 51. Kc3 Rh3+ 52. Kc4 Ka5 53. Nd4 Rh4 54. Kc5 Rh5+ 55. Kc4 Rh8 56. Nc6+ Kb6 57. Nb4 Rc8+ 58. Kd3 Ka5 59. Nd5 Rc5 60. Kd4 Rc1 0-1

[Event "Titled Tuesday 2024.12.10 Late"]
[Site "chess.com INT"]
[Date "2024.12.10"]
[Round "8"]
[White "Mendes, Aaron Reeve"]
[Black "Machidon, Cristi"]
[Result "1/2-1/2"]
[WhiteElo "2359"]
[BlackElo "2314"]
[PlyCount "104"]
[GameId "2129405226458917"]
[EventDate "2024.12.10"]
[EventType "swiss (blitz)"]
[EventRounds "11"]
[EventCountry "NET"]
[SourceTitle "The Week in Chess 1571"]
[Source "Mark Crowther"]
[SourceDate "2024.12.16"]
[SourceVersion "1"]
[SourceVersionDate "2024.12.16"]
[SourceQuality "2"]

1. Nf3 d5 2. b3 Bg4 3. Ne5 Bh5 4. g4 Bg6 5. h4 f6 6. Nxg6 hxg6 7. Bb2 e5 8. c4 c6 9. Qc2 Kf7 10. Bg2 d4 11. e3 Bc5 12. a3 a5 13. b4 axb4 14. axb4 Rxa1 15. Bxa1 Bxb4 16. Qb3 Na6 17. Na3 Nc5 18. Qa2 dxe3 19. fxe3 Qd3 20. Nb1 Qxe3+ 21. Kd1 Qb3+ 22. Qxb3 Nxb3 23. Bc3 Bxc3 24. Nxc3 Ne7 25. Ne4 Ke6 26. g5 f5 27. Nc3 Rd8 28. Nb1 e4 29. Rh3 Nc5 30. Bf1 Ke5 31. Nc3 f4 32. h5 gxh5 33. Rxh5 Nf5 34. g6 Kf6 35. Bh3 Ne3+ 36. Ke2 Nb3 37. dxe3 Rd2+ 38. Ke1 fxe3 39. Nxe4+ Kxg6 40. Rg5+ Kh6 41. Bf5 Rh2 42. Rg6+ Kh5 43. Rxg7 Rh1+ 44. Ke2 Nd4+ 45. Kd3 Rd1+ 46. Kc3 Nxf5 47. Nf6+ Kh6 48. Rg4 e2 49. Ng8+ Kh7 50. Nf6+ Kh6 51. Ng8+ Kh5 52. Nf6+ Kh6 1/2-1/2

[Event "Titled Tuesday 2024.12.10 Late"]
[Site "chess.com INT"]
[Date "2024.12.10"]
[Round "9"]
[White "Vlassov, N."]
[Black "Mendes, Aaron Reeve"]
[Result "1-0"]
[WhiteElo "2291"]
[BlackElo "2359"]
[PlyCount "87"]
[GameId "2129405226459075"]
[EventDate "2024.12.10"]
[EventType "swiss (blitz)"]
[EventRounds "11"]
[EventCountry "NET"]
[SourceTitle "The Week in Chess 1571"]
[Source "Mark Crowther"]
[SourceDate "2024.12.16"]
[SourceVersion "1"]
[SourceVersionDate "2024.12.16"]
[SourceQuality "2"]

1. e4 c5 2. c3 Nf6 3. e5 Nd5 4. d4 cxd4 5. cxd4 d6 6. Bc4 Nb6 7. Bb3 Nc6 8. e6 Bxe6 9. d5 Nxd5 10. Bxd5 Bxd5 11. Qxd5 e6 12. Qb3 Qd7 13. Nf3 d5 14. O-O Bd6 15. Nc3 O-O 16. Bg5 h6 17. Bh4 a6 18. Rad1 Rfc8 19. Nxd5 exd5 20. Qxd5 Rd8 21. Bxd8 Rxd8 22. Qe4 Qc7 23. Rc1 Bf4 24. Rcd1 Bd6 25. Rfe1 Bf8 26. Rxd8 Qxd8 27. h3 Qa5 28. a3 Qb5 29. Qe2 Qb3 30. Rd1 Qa2 31. Ne5 Qe6 32. Re1 Nd4 33. Qc4 Qd6 34. Nxf7 Nf3+ 35. gxf3 Qg6+ 36. Ng5+ Kh8 37. Qf4 Bc5 38. Re5 Bd6 39. Qf5 Qxf5 40. Rxf5 hxg5 41. Rxg5 Kg8 42. Rd5 Bf8 43. Rd7 b5 44. Ra7 1-0

[Event "Titled Tuesday 2024.12.10 Late"]
[Site "chess.com INT"]
[Date "2024.12.10"]
[Round "10"]
[White "Mendes, Aaron Reeve"]
[Black "Tokhirjonova, Gulrukhbegim"]
[Result "0-1"]
[WhiteElo "2359"]
[BlackElo "2385"]
[PlyCount "84"]
[GameId "2129405226463274"]
[EventDate "2024.12.10"]
[EventType "swiss (blitz)"]
[EventRounds "11"]
[EventCountry "NET"]
[SourceTitle "The Week in Chess 1571"]
[Source "Mark Crowther"]
[SourceDate "2024.12.16"]
[SourceVersion "1"]
[SourceVersionDate "2024.12.16"]
[SourceQuality "2"]

1. e4 e5 2. Nf3 Nc6 3. d4 exd4 4. Nxd4 Nf6 5. Nxc6 bxc6 6. Nd2 d5 7. exd5 cxd5 8. Bb5+ Bd7 9. Bxd7+ Qxd7 10. O-O Be7 11. b3 O-O 12. Bb2 c5 13. Qf3 Rad8 14. h3 Rfe8 15. Rfe1 h6 16. Rad1 Qc6 17. c4 Qa6 18. Bxf6 Bxf6 19. cxd5 Rxe1+ 20. Rxe1 Qxa2 21. Nc4 Bd4 22. Re7 Bf6 23. Rb7 a5 24. d6 a4 25. Qd5 axb3 26. Rxf7 Kh8 27. Rxf6 Qa1+ 28. Kh2 Qxf6 29. Ne5 b2 30. Nf7+ Qxf7 31. Qxf7 b1=Q 32. d7 Qb6 33. f4 Qf6 34. Qe8+ Qf8 35. Qe6 Qxf4+ 36. Kh1 Qf1+ 37. Kh2 Qf6 38. Qe8+ Kh7 39. Qe4+ Qg6 40. Qe7 Qf6 41. Qe4+ g6 42. Qe8 Qd6+ 0-1

[Event "Titled Tuesday 2024.12.10 Late"]
[Site "chess.com INT"]
[Date "2024.12.10"]
[Round "11"]
[White "Anhwere, Bernard"]
[Black "Mendes, Aaron Reeve"]
[Result "0-1"]
[WhiteElo "1892"]
[BlackElo "2359"]
[PlyCount "90"]
[GameId "2129405226463407"]
[EventDate "2024.12.10"]
[EventType "swiss (blitz)"]
[EventRounds "11"]
[EventCountry "NET"]
[SourceTitle "The Week in Chess 1571"]
[Source "Mark Crowther"]
[SourceDate "2024.12.16"]
[SourceVersion "1"]
[SourceVersionDate "2024.12.16"]
[SourceQuality "2"]

1. d4 d5 2. c4 c6 3. Nf3 Nf6 4. e3 dxc4 5. Bxc4 b5 6. Bb3 a5 7. Ne5 e6 8. a4 b4 9. O-O Ba6 10. Re1 c5 11. Qf3 Ra7 12. dxc5 Bxc5 13. Nc6 Nxc6 14. Qxc6+ Nd7 15. Rd1 Qb6 16. Qxb6 Nxb6 17. Nd2 O-O 18. Ne4 Be7 19. Bd2 Bd3 20. Ng3 Rd8 21. Rac1 Rad7 22. Be1 g6 23. Rc6 Nc8 24. Rdc1 Nd6 25. f3 Nf5 26. Nxf5 exf5 27. Bg3 Bf8 28. h4 Re8 29. Bf2 Bh6 30. Re1 Rde7 31. Rc5 Bxe3 32. Bxe3 Rxe3 33. Rxe3 Rxe3 34. Rxa5 Re1+ 35. Kh2 Re2 36. Ra7 Rxb2 37. Bxf7+ Kh8 38. h5 Bf1 39. hxg6 hxg6 40. Kh3 Rxg2 41. Kh4 Kg7 42. Bc4+ Kh6 43. Bxf1 Rf2 44. Bb5 Rxf3 45. Ra8 g5# 0-1

[Event "North American Youth"]
[Site "Dulles USA"]
[Date "2024.12.18"]
[Round "1.1"]
[White "Sammons, Evan"]
[Black "Mendes, Aaron Reeve"]
[Result "0-1"]
[WhiteElo "2118"]
[BlackElo "2359"]
[PlyCount "76"]
[GameId "2129405226531493"]
[EventDate "2024.12.18"]
[EventType "swiss"]
[EventRounds "9"]
[EventCountry "USA"]
[SourceTitle "The Week in Chess 1572"]
[Source "Mark Crowther"]
[SourceDate "2024.12.23"]
[SourceVersion "2"]
[SourceVersionDate "2024.12.24"]
[SourceQuality "2"]

1. d4 d5 2. c4 c6 3. Nf3 Nf6 4. e3 Bf5 5. Nc3 e6 6. Nh4 Be4 7. f3 Bg6 8. Bd2 Be7 9. Nxg6 hxg6 10. Qc2 a6 11. O-O-O Qc7 12. Kb1 Nbd7 13. cxd5 cxd5 14. h3 Rc8 15. Bd3 b5 16. Rc1 Qb7 17. Qd1 Nb6 18. Qe2 Nc4 19. e4 Nxd2+ 20. Qxd2 dxe4 21. Nxe4 O-O 22. Nxf6+ Bxf6 23. Be4 Qe7 24. Rxc8 Rxc8 25. d5 exd5 26. Bxd5 Rd8 27. Rd1 Qc5 28. Qd3 a5 29. a3 a4 30. Qe4 g5 31. Qf5 Kf8 32. Rd2 b4 33. axb4 Qxb4 34. Qd3 Rb8 35. Qc2 a3 36. b3 Rd8 37. Ka2 Qd6 38. Qh7 Qe5 0-1

[Event "North American Youth"]
[Site "Dulles USA"]
[Date "2024.12.18"]
[Round "2.1"]
[White "Mendes, Aaron Reeve"]
[Black "Swaminathan, Pranav"]
[Result "1-0"]
[WhiteElo "2359"]
[BlackElo "2186"]
[PlyCount "73"]
[GameId "2129405226531511"]
[EventDate "2024.12.18"]
[EventType "swiss"]
[EventRounds "9"]
[EventCountry "USA"]
[SourceTitle "The Week in Chess 1572"]
[Source "Mark Crowther"]
[SourceDate "2024.12.23"]
[SourceVersion "2"]
[SourceVersionDate "2024.12.24"]
[SourceQuality "2"]

1. e4 c5 2. Nf3 e6 3. b3 a6 4. Bb2 Nc6 5. c4 Qc7 6. g3 Nf6 7. e5 Ng4 8. Bg2 h5 9. Qe2 Rb8 10. O-O b6 11. d3 Bb7 12. Nbd2 Be7 13. Rad1 Nh6 14. Ne4 Nf5 15. Bh3 Nfd4 16. Nxd4 Nxd4 17. Bxd4 cxd4 18. f4 g6 19. Bg2 Bxe4 20. dxe4 h4 21. Rd3 b5 22. Rc1 Bb4 23. Kf1 Bc3 24. cxb5 axb5 25. Rxd4 hxg3 26. hxg3 b4 27. a4 Qd8 28. Rd3 g5 29. Rcd1 gxf4 30. gxf4 Qh4 31. Qf3 Rg8 32. Qf2 Qh6 33. Rg3 Rg6 34. Rh3 Qg7 35. f5 Rg5 36. f6 Qg8 37. Qc5 1-0

[Event "North American Youth"]
[Site "Dulles USA"]
[Date "2024.12.19"]
[Round "3.1"]
[White "Tang, Zoey"]
[Black "Mendes, Aaron Reeve"]
[Result "1/2-1/2"]
[WhiteElo "2306"]
[BlackElo "2359"]
[PlyCount "65"]
[GameId "2129405226531529"]
[EventDate "2024.12.18"]
[EventType "swiss"]
[EventRounds "9"]
[EventCountry "USA"]
[SourceTitle "The Week in Chess 1572"]
[Source "Mark Crowther"]
[SourceDate "2024.12.23"]
[SourceVersion "2"]
[SourceVersionDate "2024.12.24"]
[SourceQuality "2"]

1. d4 d5 2. c4 c6 3. cxd5 cxd5 4. Nc3 Nf6 5. Nf3 Nc6 6. Bf4 a6 7. e3 Bg4 8. Be2 e6 9. Rc1 Bd6 10. Bxd6 Qxd6 11. O-O O-O 12. Na4 Nd7 13. Nc5 Nxc5 14. Rxc5 b6 15. Rc3 Rfc8 16. Qb3 Bxf3 17. Bxf3 Ne7 18. Rfc1 Rxc3 19. Rxc3 Rc8 20. Be2 Rxc3 21. Qxc3 a5 22. Bb5 g6 23. a3 Kg7 24. h3 h5 25. Bd3 Nc6 26. Bb5 Ne7 27. Bd3 Kg8 28. h4 Kg7 29. g3 Nc6 30. Bb5 Ne7 31. Bd3 Nc6 32. Bb5 Ne7 33. Bd3 1/2-1/2

[Event "North American Youth"]
[Site "Dulles USA"]
[Date "2024.12.20"]
[Round "4.2"]
[White "Mendes, Aaron Reeve"]
[Black "Diao, Matthew Guo"]
[Result "1-0"]
[WhiteElo "2359"]
[BlackElo "2173"]
[PlyCount "109"]
[GameId "2129405226531548"]
[EventDate "2024.12.18"]
[EventType "swiss"]
[EventRounds "9"]
[EventCountry "USA"]
[SourceTitle "The Week in Chess 1572"]
[Source "Mark Crowther"]
[SourceDate "2024.12.23"]
[SourceVersion "2"]
[SourceVersionDate "2024.12.24"]
[SourceQuality "2"]

1. e4 c5 2. Nf3 e6 3. b3 a6 4. Bb2 d5 5. exd5 exd5 6. Qe2+ Be6 7. g3 Nc6 8. Bg2 d4 9. O-O Be7 10. Ne5 Nxe5 11. Qxe5 Rb8 12. Ba3 b6 13. Bc6+ Kf8 14. d3 Bf6 15. Qe2 Ne7 16. Bg2 Nd5 17. Nd2 Nc3 18. Qe1 Bd5 19. f3 g6 20. Ne4 Kg7 21. Bb2 Bb7 22. Nxc3 dxc3 23. Bxc3 Bd4+ 24. Bxd4+ Qxd4+ 25. Qf2 Qc3 26. Rae1 Rhe8 27. a4 Bc6 28. f4 Bxg2 29. Kxg2 f5 30. Re2 Qd4 31. Rxe8 Rxe8 32. Re1 Rxe1 33. Qxe1 Qd5+ 34. Kf2 Kh6 35. h3 Qd4+ 36. Qe3 Qc3 37. Qe2 Qd4+ 38. Kg2 Qf6 39. Qe8 Qd6 40. Qe3 Qd5+ 41. Kh2 Qd7 42. c3 Qd5 43. g4 Qd7 44. Kg3 Kg7 45. d4 Kf7 46. dxc5 bxc5 47. Qe2 a5 48. Qc4+ Kg7 49. Qxc5 Qd3+ 50. Kh4 Qd8+ 51. g5 Qa8 52. Qd4+ Kg8 53. c4 Qb8 54. Qd5+ Kf8 55. Qe5 1-0